Información geográfica y sistemas de información geográfica, SIGs
Збережено в:
| Автор: | |
|---|---|
| Формат: | Книга |
| Мова: | Іспанська |
| Опубліковано: |
Santander
Servicio de Publicaciones, Universidad de Cantabria
1992
|
| Предмети: | |
| Теги: |
Додати тег
Немає тегів, Будьте першим, хто поставить тег для цього запису!
|
MARC
| LEADER | 00000nam a2200000 a 4500 | ||
|---|---|---|---|
| 001 | UCM0092 | ||
| 003 | CL-VaPUC | ||
| 008 | 020108e19920000SP |||||||||||||||||spa|d | ||
| 082 | 0 | 4 | |a 526 |b CEB |2 21 |
| 100 | 0 | |a Cebrián de Miguel, Juan Antonio |e author |9 466739 | |
| 245 | 1 | 0 | |a Información geográfica y sistemas de información geográfica, SIGs |
| 300 | |a 85 p | ||
| 942 | |c BK | ||
| 945 | |d 20020108 00:00:00 |a crobeson | ||
| 260 | |a Santander |b Servicio de Publicaciones, Universidad de Cantabria |c 1992 | ||
| 500 | |a ALGUNOS EJEMPLARES EN INST.DE GEOGRAFIA POR PROY.MINEDUC | ||
| 650 | 0 | |a Sistemas de información geográfica |9 466572 | |
| 650 | 7 | |a GEOGRAFIA - AUTOMATIZACION |2 CL-VaPUC |9 466740 | |
| 583 | |a last modification |c 20020108 00:00:00 |k Rodrigo Vera | ||
| 999 | |c 299148 |d 299146 | ||
| 952 | |0 0 |1 0 |4 0 |6 526_000000000000000_CEB_1992 |7 0 |8 A |9 355347 |a BIBING |b BIBING |d 2019-11-21 |i 3786315 |o 526 CEB 1992 |p 3786315 |r 2023-03-02 |w 2019-11-21 |y BK |k GEO | ||